000 00687nam a22002415 4500
008
020 _a0521092094 (pbk.)
049 _aMAIN
090 _aQD96.A8
100 1 _aCondon, E.U.
245 1 4 _aThe theory of atomic spectra,
_cby E.U. Condon and G.H. Shortley.
260 _aCambridge :
_bCambridge University Press,
_c1935.
300 _axv, 441 p. :
_bill. ;
_c27 cm.
650 0 _aSpectrum analysis.
650 0 _aQuantum theory.
700 1 _aShortley, G.H.
740 0 _aAtomic spectra.
907 _a.b10175611
_b15-10-05
_c15-09-05
003
005 20230123134110.0
040 _cNUST
942 _cBOOKS
_kQD96.A8
999 _c160016
_d160016